REMOVABLE ORTHODONTICS APPLIANCES (Record no. 3596)

MARC details
000 -LEADER
fixed length control field 00343nam a2200145Ia 4500
008 - FIXED-LENGTH DATA ELEMENTS--GENERAL INFORMATION
fixed length control field 150201s2006 xx 000 0 und d
082 ## - DEWEY DECIMAL CLASSIFICATION NUMBER
Classification number 617.643
Item number R2006R
100 ## - MAIN ENTRY--PERSONAL NAME
Personal name RANI,M.S.
245 ## - TITLE STATEMENT
Title REMOVABLE ORTHODONTICS APPLIANCES
250 ## - EDITION STATEMENT
Edition statement 2ND
260 ## - PUBLICATION, DISTRIBUTION, ETC. (IMPRINT)
Name of publisher, distributor, etc. AIPD
Place of publication, distribution, etc. DELHI
Date of publication, distribution, etc. 2006
300 ## - PHYSICAL DESCRIPTION
Extent 1-240
650 ## - SUBJECT ADDED ENTRY--TOPICAL TERM
Topical term or geographic name as entry element ORTHODONTICS
942 ## - ADDED ENTRY ELEMENTS (KOHA)
Source of classification or shelving scheme Dewey Decimal Classification
Koha item type Books
Holdings
Withdrawn status Lost status Source of classification or shelving scheme Damaged status Not for loan Home library Current library Date acquired Source of acquisition Cost, normal purchase price Serial Enumeration / chronology SGTU Bill Number Total Checkouts Full call number Barcode Date last seen Bill Date Koha item type
    Dewey Decimal Classification     SGT Dental Library SGT Dental Library 19/02/2007 U.B.S.DELHI 255.00 1 SGTU 1144   617.643 R2006R FD4195 09/02/2015 16/08/2012 Books
    Dewey Decimal Classification     SGT Dental Library SGT Dental Library 19/02/2007 U.B.S.DELHI 255.00 1 SGTU 1144   617.643 R2006R FD4196 09/02/2015 16/08/2012 Books